|
|
|
|
| LEADER |
01387nam a2200349 a 4500 |
| 001 |
13040297 |
| 003 |
BD-DhAAL |
| 008 |
111123s2003 nyub b 001 0 eng |
| 999 |
|
|
|c 11483
|d 11483
|
| 010 |
|
|
|a 2002045219
|
| 020 |
|
|
|a 0679642811 (alk. paper)
|
| 020 |
|
|
|a 0812967852
|
| 040 |
|
|
|a DLC
|c DLC
|d DLC
|d BD-DhAAL
|
| 042 |
|
|
|a pcc
|
| 050 |
0 |
0 |
|a BP182
|b .L48 2003
|
| 082 |
0 |
0 |
|a 297.7/2
|2 21
|
| 100 |
1 |
|
|a Lewis, Bernard,
|d 1916-
|9 20608
|
| 245 |
1 |
4 |
|a The crisis of Islam :
|b holy war and unholy terror /
|c Bernard Lewis.
|
| 250 |
|
|
|a Modern Library ed.
|
| 260 |
|
|
|a New York :
|b Modern Library,
|c 2003.
|
| 300 |
|
|
|a xxxii, 184 pages :
|b maps ;
|c 22 cm.
|
| 504 |
|
|
|a Includes bibliographical references and index.
|
| 541 |
|
|
|e 00014137
|
| 650 |
|
0 |
|a Jihad.
|9 20609
|
| 650 |
|
0 |
|a Terrorism
|x Religious aspects
|x Islam.
|9 20610
|
| 650 |
|
0 |
|a War
|x Religious aspects
|x Islam.
|9 20611
|
| 650 |
|
0 |
|a Islamic fundamentalism.
|9 20612
|
| 650 |
|
0 |
|a Islam and politics.
|9 20613
|
| 852 |
1 |
|
|a Ayesha Abed Library
|c General shelf.
|
| 942 |
|
|
|2 ddc
|c BK
|
| 952 |
|
|
|0 0
|1 0
|2 ddc
|4 0
|6 297_720000000000000_LEW
|7 0
|9 18669
|a BRACUL
|b BRACUL
|c GEN
|d 2011-11-23
|g 1532.00
|l 2
|m 3
|o 297.72 LEW
|p 3010014137
|r 2016-11-08
|s 2016-09-28
|t 1
|w 2011-11-23
|y BK
|
| 952 |
|
|
|0 0
|1 0
|2 ddc
|4 0
|6 297_720000000000000_LEW
|7 0
|9 59693
|a IGS
|b IGS
|c GEN
|d 2016-10-10
|e Trim Education
|g 1558.00
|l 0
|o 297.72 LEW
|p 3010031364
|r 2016-10-10
|t 2
|w 2016-10-10
|y BK
|